000 00193nam a22000857a 4500
003 SGT
245 _aMADHYA PRADESH, MADRAS, MANIPUR
260 _aNAGPUR
_bALL INDIAN REPORTER
_c1963
942 _2ddc
_cBV
999 _c17376
_d17376